000 00646pam a2200241 a 4500
001 4680828
005 20180829070405.0
008 810616s1981 nyu b 001 0 eng
010 _a 81066982
020 _a0465092020 :
_c$22.50
020 _a0465092004 (pbk.)
040 _aDLC
_cDLC
_dDLC
041 _aeng
060 _aWM 30 W872
080 _a616.89
082 0 0 _a616.89
_219
100 _a3
101 _aSHM
245 0 0 _aWomen and mental health /
_cedited by Elizabeth Howell and Marjorie Bayes.
504 _aIncludes bibliographies and indexes.
906 _a7
_bcbc
_corignew
_d1
_eopcn
_f19
_gy-gencatlg
942 _2ddc
_cBK
999 _c47403
_d47403